[Event "Idaho Closed"]
[Site "Twin Falls, ID"]
[Date "2016.02.14"]
[Round "4.12"]
[White "Porth, Dylan"]
[Black "Reid, Clinton Morris"]
[Result "0-1"]
[WhiteElo "1073"]
[BlackElo "1518"]
[EventRounds "6"]
[EventCountry "USA"]

1. b4 d5 2. Bb2 Nd7 3. Nf3 Ngf6 4. e3 e6 5. a3 Bd6 6. Be2 O-O 7. O-O e5 8. d4
e4 9. Nfd2 Qe7 10. c4 c6 11. cxd5 cxd5 12. Nc3 Rd8 13. Rc1 a6 14. Qb3 Nf8 15.
Rfe1 Ne6 16. f3 Nc7 17. Na4 b5 18. Nb6 Rb8 19. Nxc8 Rbxc8 20. Bc3 Qd7 21. Ra1
Qf5 22. a4 Ra8 23. Rf1 Qh5 24. h3 Qh4 25. f4 Qg3 26. Bb2 g5 27. Rf2 h5 28. Nf1
Qh4 29. g3 Qxh3 30. Rh2 Qf5 31. Bxh5 g4 32. Bxf7+ Kxf7 33. a5 Rh8 34. Ba3 Rxh2
35. Nxh2 Rh8 36. Ra2 Rh3 37. Nf1 Nce8 38. Rh2 Rxh2 39. Nxh2 Qc8 40. Kf2 Qc4
41. Qxc4 dxc4 42. Kg2 Bb8 43. Kf1 Nd6 {#R} 0-1

[Event "Idaho Closed"]
[Site "Twin Falls, ID"]
[Date "2016.02.15"]
[Round "5.15"]
[White "Tongsiri, Chanisara"]
[Black "Porth, Darwin Albert"]
[Result "0-1"]
[WhiteElo "509"]
[BlackElo "463"]
[EventRounds "6"]
[EventCountry "USA"]

1. e4 e6 2. d4 c5 3. Nf3 Nc6 4. Bb5 a6 5. Ba4 Nf6 6. Qd3 c4 7. Qe3 b5 8. Ne5
Nxe5 9. dxe5 Nxe4 10. Nc3 d5 11. Nxe4 dxe4 12. Qxe4 Bb7 13. Qxb7 bxa4 14. b3
axb3 15. axb3 cxb3 16. cxb3 Rb8 17. Qc6+ Qd7 18. Qxa6 Rd8 19. O-O Qc7 20. f4
Bc5+ 21. Kh1 O-O 22. Qc4 Rc8 23. b4 Be7 24. Qd4 Qb7 25. Bd2 Rfd8 26. Ra7 Qb8
27. Rd7 Qa8 28. Rxe7 Rxd4 29. h3 Rxd2 30. b5 Qxg2# 0-1

[Event "Idaho Closed"]
[Site "Twin Falls, ID"]
[Date "2016.02.15"]
[Round "6.12"]
[White "Porth, Desmond"]
[Black "Reid, Clinton Morris"]
[Result "1-0"]
[WhiteElo "1278"]
[BlackElo "1518"]
[EventRounds "6"]
[EventCountry "USA"]

1. e4 e6 2. Nf3 d5 3. e5 c5 4. d4 cxd4 5. Nxd4 Nc6 6. Bb5 Bd7 7. Bxc6 bxc6 8.
O-O c5 9. Nf3 Ne7 10. Bg5 Qb6 11. Qc1 h6 12. Bh4 Nf5 13. Nc3 Nxh4 14. Nxh4 Be7
15. Nf3 Bc6 16. Re1 Qb7 17. Nd2 Bg5 18. f3 h5 19. Rb1 a5 20. g3 Qb4 21. f4
Qd4+ 22. Kg2 Bxf4 23. gxf4 Qxf4 24. Nf3 Qg4+ 25. Kf2 d4 26. Qd1 dxc3 27. bxc3
O-O 28. Rg1 Qxf3+ 29. Qxf3 Bxf3 30. Kxf3 Rab8 31. a4 Rfc8 32. Kf4 Kf8 33. c4
g6 34. Rb5 Rxb5 35. cxb5 Ke8 36. Rd1 Rd8 37. Rxd8+ Kxd8 38. Kg5 Kc7 39. c4 Kd7
40. Kf6 h4 41. h3 Kc7 42. Kg5 Kd7 43. Kxh4 f5 44. exf6 e5 45. f7 Ke7 46. b6
{#r} 1-0

[Event "Idaho Closed"]
[Site "Twin Falls, ID"]
[Date "2016.02.15"]
[Round "6.14"]
[White "Aderogba, Temiloluwa"]
[Black "Porth, Dylan"]
[Result "1/2-1/2"]
[WhiteElo "1122"]
[BlackElo "1073"]
[EventRounds "6"]
[EventCountry "USA"]

1. e4 e6 2. d4 d5 3. e5 c5 4. c3 Nc6 5. Nf3 Qb6 6. Be2 Bd7 7. O-O Nh6 8. b3
Nf5 9. Bb2 O-O-O 10. h3 Kb8 11. Qd2 Be7 12. Rd1 a6 13. Na3 Rc8 14. Kh1 cxd4
15. cxd4 f6 16. Kg1 fxe5 17. dxe5 Bc5 18. Bd3 Ncd4 19. Nxd4 Nxd4 20. Rac1 {#d}
1/2-1/2

[Event "ICA Spring Open (Reserve)"]
[Site "Pocatello, ID"]
[Date "2016.04.23"]
[Round "3.1"]
[White "Porth, Darwin Albert"]
[Black "Ang, Ching-E Nobel"]
[Result "0-1"]
[WhiteElo "519"]
[BlackElo "1241"]
[EventRounds "4"]
[EventCountry "USA"]

1. d4 Nf6 2. Nc3 e6 3. e4 Bb4 4. Bd2 Bxc3 5. e5 Bxd2+ 6. Qxd2 Ne4 7. Qe3 d5 8.
Bd3 Qe7 9. c3 c5 10. f3 cxd4 11. Qxd4 Nc6 12. Bb5 Nc5 13. Qf2 a6 14. Be2 O-O
15. Bd1 Nd3+ 16. Kf1 Nxf2 17. Kxf2 Nxe5 18. Bc2 Qc5+ 19. Kf1 Nc4 20. Re1 Ne3+
21. Ke2 Nxc2 22. Rd1 Qe3+ 23. Kf1 Bd7 24. Ne2 Bb5 {#R} 0-1

[Event "ICA Spring Open (Reserve)"]
[Site "Pocatello, ID"]
[Date "2016.04.23"]
[Round "4.1"]
[White "Ang, Ching-E Nobel"]
[Black "Porth, Lynnet"]
[Result "1-0"]
[WhiteElo "1241"]
[BlackElo "519"]
[EventRounds "4"]
[EventCountry "USA"]

1. d4 d5 2. c4 e6 3. Nc3 Nc6 4. Nf3 Bd6 5. c5 Be7 6. Bf4 Nf6 7. e3 O-O 8. Bd3
b6 9. cxb6 axb6 10. O-O Ra5 11. a3 Ng4 12. h3 Nf6 13. Qc2 Ba6 14. b4 Bxb4 15.
Bxa6 Rxa6 16. axb4 Nxb4 17. Qd2 Qa8 18. Rxa6 Qxa6 19. Ne1 c5 20. dxc5 bxc5 21.
Nc2 Nc6 22. Ra1 Qc4 23. Na3 Qb3 24. Qc2 Qb7 25. Nab5 h6 26. Rb1 g5 27. Bh2 g4
28. Nd6 Qe7 29. Rb7 Qc7 30. Rxc7 Ra8 31. Rc8+ Kg7 32. Rxa8 e5 33. Nf5+ Kg6 34.
Ne7+ Kg5 35. Nxc6 Nd7 36. Nxe5 Nb6 37. Rg8+ Kf6 38. Nxg4+ Ke6 39. f4 Nc4 40.
f5+ Kd7 41. Nf6+ Ke7 42. Nfxd5+ Kd7 43. Qe4 Nd6 44. Qe7+ Kc6 45. Qc7# 1-0

[Event "Idaho Open (Reserve)"]
[Site "Boise, ID"]
[Date "2016.06.18"]
[Round "2.3"]
[White "Tripathi, Atharva"]
[Black "Porth, Darwin"]
[Result "0-1"]
[WhiteElo "116"]
[BlackElo "528"]
[EventRounds "5"]
[EventCountry "USA"]

1. e3 e6 2. d4 d5 3. Bd3 c5 4. Nf3 Nc6 5. Bd2 h6 6. O-O c4 7. Be2 Nf6 8. Nc3
Bd6 9. e4 dxe4 10. Nxe4 Nxe4 11. Be1 Bc7 12. Bxc4 Ng5 13. Nd2 Qd6 14. Nb3
Qxh2# 0-1

[Event "Idaho Open (Reserve)"]
[Site "Boise, ID"]
[Date "2016.06.18"]
[Round "3.2"]
[White "Porth, Darwin"]
[Black "Baumann, Christopher J"]
[Result "0-1"]
[WhiteElo "528"]
[BlackElo "978"]
[EventRounds "5"]
[EventCountry "USA"]

1. e4 e5 2. d4 Qf6 3. Nf3 d6 4. Bb5+ c6 5. Bd3 Bg4 6. h3 Bxf3 7. Qxf3 exd4 8.
Qxf6 Nxf6 9. O-O d5 10. e5 Nh5 11. Be2 Nd7 12. Bxh5 g6 13. Bg4 Nxe5 14. Be2
Bd6 15. Rd1 c5 16. Bh6 O-O-O 17. b3 f5 18. c4 dxc4 19. bxc4 Nf7 20. Bc1 Be5
21. Ba3 d3 22. Bxd3 Bxa1 23. Bxc5 {The rest of the moves can't be
reconstructed at this time.--Jeffrey Roland.} {#R} 0-1

[Event "Idaho Open (Reserve)"]
[Site "Boise, ID"]
[Date "2016.06.19"]
[Round "4.3"]
[White "Porth, Darwin"]
[Black "Bian, Raymond Botong"]
[Result "0-1"]
[WhiteElo "528"]
[BlackElo "423"]
[EventRounds "5"]
[EventCountry "USA"]

1. e4 e5 2. d4 d6 3. Nc3 Nc6 4. h3 exd4 5. Nce2 Nf6 6. f3 d5 7. exd5 Nxd5 8.
Nxd4 Nxd4 9. Qxd4 Qe7+ 10. Be2 Qb4+ 11. Qd2 Qh4+ 12. Kf1 Nf4 13. Qe3+ Ne6 14.
Qd3 Bc5 15. Be3 Nf4 16. Bxf4 Qf2# 0-1

[Event "Tournament of Champions"]
[Site "Pocatello, Idaho"]
[Date "2017.05.27"]
[Round "3"]
[White "Porth, Adam"]
[Black "Machakos, Seth"]
[Result "1/2-1/2"]
[WhiteElo "1487"]
[BlackElo "1278"]

1.e4 c5 2.Nf3 e6 3.d4 cxd4 4.Nxd4 a6 5.Bd3 Nc6 6.Nxc6 bxc6 7.Nc3 Bb4 8.O-O d5
9.e5 Ne7 10.Qg4 Bxc3 11.bxc3 Ng6 12.Re1 Qh4 13.Qxh4 Nxh4 14.Ba3 Ng6 15.Rab1
Kd7 16.Bd6 f6 17.Rb8 Rxb8 18.Bxb8 Nxe5 19.Bxe5 fxe5 20.Rxe5 g6 21.c4 Kd6
22.Re1 Rf8 23.g3 c5 24.Kg2 d4 25.Rb1 Kc7 26.Be4 e5 27.Rd1 Rd8 28.Bd5 Bb7
29.Bxb7 Kxb7 {do} 30.Kf3 Rf8+ 31.Kg2 Kc7 32.Rf1 Rb8 33.a3 Rb2 34.Rc1 Ra2
35.Re1 Kd6 36.Rb1 Rxc2 37.Rb6+ Kc7 38.Rxa6 d3 39.Ra7+ Kb6 40.Rxh7 Kc6 41.Rh6
d2 42.Rxg6+ Kd7 43.Rg7+ Ke6 44.Rg6+ Kf5 45.Rd6 e4 46.Kf1 Ra2 47.Ke2 d1=Q+
48.Kxd1 Rxf2 49.Rd2 {#d} 1/2-1/2

[Event "Tournament of Champions"]
[Site "Pocatello, Idaho"]
[Date "2017.05.27"]
[Round "3"]
[White "Porth, Adam"]
[Black "Li, Bryan"]
[Result "1-0"]
[WhiteElo "1487"]
[BlackElo "1272"]

1.d4 d5 2.c4 e6 3.Nf3 Nf6 4.g3 c6 5.Bg2 Be7 6.Nc3 Nbd7 7.O-O O-O 8.Qc2 h6
9.Re1 Re8 10.e4 Nb6 11.cxd5 cxd5 12.exd5 Nbxd5 13.Bd2 Bd7 14.Qc1 Rc8 15.Bxh6
gxh6 16.Qxh6 Nh7 17.Ne5 Bg5 18.Qh5 Rf8 19.Ne4 Ndf6 20.Nxf6+ Bxf6 21.Be4 Ng5
22.Bd3 Kg7 23.h4 Rh8 24.Qg4 Bxe5 25.Rxe5 f6 26.Re2 e5 27.Bf5 Bxf5 28.Qxf5 Nf7
29.Qg4+ Kf8 30.dxe5 Nxe5 31.Qb4+ Kg8 32.Qxb7 Rc7 33.Qb3+ Kg7 34.Qe3 Nf7 35.Qf4
Rc8 36.Qg4+ Kf8 37.Rae1 Rg8 38.Qb4+ Kg7 39.Qg4+ Kf8 40.Qe6 Kg7 41.Re4 Qd6
42.Rg4+ Kh7 (42...Kh8 43.Rxg8+ Rxg8 44.Qxf7 Qd8 45.Re7 Qd3 46.Qxf6+) 43.Rxg8
Rxg8 44.Qxf7+ {#r} 1-0

[Event "Idaho Open"]
[Site "Pocatello, Idaho"]
[Date "2017.04.22"]
[Round "3"]
[White "Porth, Adam"]
[Black "Deshpande, Nakul"]
[Result "0-1"]
[WhiteElo "1391"]
[BlackElo "1893"]

1.d4 Nf6 2.c4 c5 3.g3 cxd4 4.Bg2 Nc6 5.Bxc6 dxc6 6.Nf3 e5 7.Nxe5 Qa5+ 8.Nd2
Qxe5 9.O-O Bc5 10.Nb3 O-O 11.Bf4 Qh5 12.Nxc5 Bh3 13.e3 Bxf1 14.Qxf1 Rad8
15.Nb3 {Cannot determine next moves} {#R} 0-1

[Event "Idaho Open"]
[Site "Pocatello, Idaho"]
[Date "2017.04.22"]
[Round "3"]
[White "Porth, Adam"]
[Black "Roland, Jeff"]
[Result "1/2-1/2"]
[WhiteElo "1391"]
[BlackElo "1764"]

1.d4 Nf6 2.c4 g6 3.Nf3 d5 4.g3 Bg7 5.Bg2 c6 6.O-O O-O 7.Nbd2 Nbd7 8.Qb3 dxc4
9.Nxc4 Nb6 10.Nxb6 axb6 11.Be3 Be6 12.d5 Nxd5 13.Bd4 b5 14.Bxg7 Kxg7 15.Nd4
Bd7 16.Rac1 Nf6 17.Nxb5 Qa5 18.Nc3 Rfd8 19.a3 {#d} 1/2-1/2